000
00266nam a2200109Ia 4500
008
220204s9999 xx 000 0 und d
082
_a
82-3DIC
_b
DIC
100
_a
Dickens, Monica
245
0
_a
One pair of hands etc
260
_a
London
_b
Heinemann
_c
1978
942
_c
BK
999
_c
30592
_d
30592